[Event "HUN-chT2 Asztalos 0910"]
[Site "Hungary"]
[Date "2010.02.28"]
[Round "7"]
[White "Schmeizl, Csaba"]
[Black "Szabo, Richard"]
[Result "1/2-1/2"]
[WhiteElo "1910"]
[BlackElo "2001"]
[PlyCount "111"]
[EventDate "2009.11.08"]
[EventType "team-tourn"]
[EventRounds "11"]
[EventCountry "HUN"]
[SourceTitle "EXT 2011"]
[Source "ChessBase"]
[SourceDate "2010.11.26"]
[SourceVersion "1"]
[SourceVersionDate "2010.11.26"]
[SourceQuality "1"]
[WhiteTeam "Siklos"]
[BlackTeam "Decs II"]
[WhiteTeamCountry "HUN"]
[BlackTeamCountry "HUN"]

1. c4 e5 2. Nc3 Nc6 3. Nf3 Nf6 4. g3 Bb4 5. Bg2 0-0 6. 0-0 h6 7. a3 Bxc3 8. bxc3 d5 9. cxd5 Nxd5 10. c4 Nb6 11. Qc2 Qe7 12. Bb2 Bg4 13. Rfe1 Rad8 14. d3 Rfe8 15. Nd2 Bc8 16. a4 Nd4 17. Qc3 Bg4 18. f3 Bd7 19. e3 Nf5 20. Qc2 Qc5 21. Kf2 Nd5 22. Nf1 Nb4 23. Qc3 Bc6 24. Red1 f6 25. g4 Nh4 26. d4 exd4 27. exd4 Qf8 28. d5 Qc5+ 29. Qd4 Qxd4+ 30. Bxd4 Nxg2 31. Kxg2 Re2+ 32. Kg3 Bd7 33. Bxa7 Ra8 34. Bc5 Nc2 35. Ra2 Rxa4 36. Rxa4 Bxa4 37. Rd3 Kf7 38. Rd2 Re1 39. Kf2 b6 40. Ne3 Rc1 41. Nxc2 Rxc2 42. Rxc2 Bxc2 43. Be3 Bb3 44. Bf4 Bxc4 45. Bxc7 b5 46. d6 Ke6 47. Ke3 b4 48. Ba5 b3 49. Bc3 Kxd6 50. f4 Be6 51. g5 hxg5 52. fxg5 fxg5 53. Bxg7 Kd5 54. Bf6 g4 55. Bb2 Kc4 56. Bf6 1/2-1/2

[Event "HUN-chT2 Asztalos 0910"]
[Site "Hungary"]
[Date "2009.11.22"]
[Round "2"]
[White "Schmeizl, Csaba"]
[Black "Kadar, Gabor"]
[Result "0-1"]
[WhiteElo "1904"]
[BlackElo "2196"]
[PlyCount "75"]
[EventDate "2009.11.08"]
[EventType "team-tourn"]
[EventRounds "11"]
[EventCountry "HUN"]
[SourceTitle "EXT 2011"]
[Source "ChessBase"]
[SourceDate "2010.11.26"]
[SourceVersion "1"]
[SourceVersionDate "2010.11.26"]
[SourceQuality "1"]
[WhiteTeam "Siklos"]
[BlackTeam "Komlo"]
[WhiteTeamCountry "HUN"]
[BlackTeamCountry "HUN"]

1. c4 Nf6 2. Nf3 g6 3. d4 Bg7 4. Nc3 0-0 5. e4 d6 6. Be2 Na6 7. 0-0 c5 8. d5 Nc7 9. Qc2 a6 10. a4 b6 11. h3 Bd7 12. Bf4 Qc8 13. e5 Nh5 14. Bh2 dxe5 15. Nxe5 Nf6 16. Rad1 Nfe8 17. Rfe1 Nd6 18. b3 f5 19. Bf3 f4 20. Nd3 g5 21. Ne5 Bxe5 22. Rxe5 Nf5 23. Ne4 h6 24. d6 Ne8 25. dxe7 Rf7 26. Bh5 Rxe7 27. Rxe7 Nxe7 28. Rxd7 Qxd7 29. Bxe8 Qf5 30. Bh5 Rd8 31. f3 Qe5 32. g3 Qa1+ 33. Kg2 Nf5 34. Bg1 Ne3+ 35. Bxe3 fxe3 36. f4 gxf4 37. gxf4 Rf8 38. Nc3 0-1